The Voice (U.S.) Coaches Quiz - Statistics

General Stats
  • This quiz has been taken 728 times
    206 since last reset
  • The average score is 16 of 23
Answer Stats
Season Coach % Correct
1-23 Blake Shelton
95%
1-16,27,29 Adam Levine
91%
7,9,12,17,19,22,24,26 Gwen Stefani
87%
14-21,23,29 Kelly Clarkson
85%
16-22, 24-25,27,29 John Legend
83%
21 Ariana Grande
78%
24-26,28 Reba McEntire
78%
1-3,5,8,10 Christina Aguilera
76%
23,24,28 Niall Horan
76%
26,28 Snoop Dogg
73%
1-3,5 CeeLo Green
71%
26- Michael Bublé
70%
4,6 Usher
66%
7-10 Pharrell Williams
65%
23,25 Chance the Rapper
61%
11,13 Miley Cyrus
61%
18,20 Nick Jonas
60%
4,6 Shakira
60%
11-12,14 Alicia Keys
59%
22 Camila Cabello
55%
13,15 Jennifer Hudson
55%
25 Dan + Shay
49%
27 Kelsea Ballerini
41%
No matching quizzes found
Score Distribution
Percent of People with Each Score
Percentile by Number Answered
Your Score History
You have not taken this quiz since the last reset